[Event "Befana SSM A"]
[Site "Milano ITA"]
[Date "2014.01.08"]
[Round "3"]
[White "Bisignano, Giuseppe"]
[Black "Cazzaniga, Walter"]
[WhiteElo "1887"]
[BlackElo "2116"]
[Result "0-1"]
[PlyCount "60"]
[EventDate "2014.01.02"]

1. e4 e6 2. d4 d5 3. Nc3 Bb4 4. e5 c5 5. a3 Bxc3+ 6. bxc3 Ne7 7. Nf3 Nbc6 8.
Bd3 Qc7 9. O-O Bd7 10. Re1 f6 11. Bf4 f5 12. dxc5 Na5 13. Nd4 O-O 14. h4 Qxc5
15. Qd2 Rac8 16. h5 Nc4 17. Bxc4 Qxc4 18. Re3 Kh8 19. Rb1 b6 20. Rg3 Ng8 21. h6
g6 22. Bg5 Qc7 23. Re1 Rce8 24. Nf3 Qc5 25. Bf6+ Nxf6 26. exf6 Rxf6 27. Ne5 Bc8
28. Qg5 Qf8 29. c4 f4 30. Qh4 fxg3 0-1

[Event "Befana SSM A"]
[Site "Milano ITA"]
[Date "2014.01.04"]
[Round "3"]
[White "Falchi, Claudio"]
[Black "Bemporad, Filippo"]
[WhiteElo "1926"]
[BlackElo "2060"]
[Result "1/2-1/2"]
[PlyCount "118"]
[EventDate "2014.01.02"]

1. d4 Nf6 2. Nf3 b6 3. Bf4 Bb7 4. e3 g6 5. Be2 Bg7 6. O-O O-O 7. h3 d6 8. Nbd2
c5 9. c3 Nbd7 10. a4 a6 11. Rb1 Ne4 12. Nxe4 Bxe4 13. Bd3 Nf6 14. Bxe4 Nxe4 15.
Qd3 d5 16. Nd2 Nxd2 17. Qxd2 Qd7 18. b3 Rfc8 19. Rfc1 b5 20. Ra1 Qb7 21. Rab1
Qc6 22. axb5 axb5 23. Ra1 Rxa1 24. Rxa1 cxd4 25. cxd4 h6 26. Qb4 g5 27. Bg3 Qc3
28. Qxc3 Rxc3 29. Rb1 Bf8 30. Kf1 e6 31. Be5 Be7 32. g4 f6 33. Bb8 Kf7 34. Ba7
f5 35. b4 Rc7 36. Bc5 Bf6 37. Ra1 Bg7 38. Ra8 fxg4 39. hxg4 Rb7 40. Kg2 Kg6 41.
Ra6 Kf7 42. Kf3 Bf6 43. e4 dxe4+ 44. Kxe4 Rb8 45. d5 exd5+ 46. Kf5 Bc3 47. Rxh6
Rd8 48. Rd6 Rxd6 49. Bxd6 d4 50. Be5 Bxb4 51. Bxd4 Bd2 52. Bb2 b4 53. Ke4 Ke6
54. Kd3 Bf4 55. Kc4 Bd2 56. Bd4 Kd6 57. Bf6 Ke6 58. Bxg5 Bxg5 59. Kxb4 Ke5
1/2-1/2

[Event "Befana SSM A"]
[Site "Milano ITA"]
[Date "2014.01.04"]
[Round "3"]
[White "Gagliardi, Christian"]
[Black "Borin, Fabio"]
[WhiteElo "2198"]
[BlackElo "2105"]
[Result "1-0"]
[PlyCount "57"]
[EventDate "2014.01.02"]

1. c4 e5 2. Nc3 Nc6 3. g3 f5 4. d3 Bb4 5. Bd2 Nf6 6. Bg2 O-O 7. a3 Bxc3 8. Bxc3
d6 9. Nh3 f4 10. Ng5 Ng4 11. Nf3 fxg3 12. hxg3 a5 13. Qd2 h6 14. e4 Qe8 15. Kf1
a4 16. Kg1 b6 17. Rf1 Na5 18. Ne1 Nb3 19. Qe2 Qg6 20. Nc2 Bd7 21. Rh4 Rf7 22.
f4 h5 23. f5 Qg5 24. Bf3 Nc1 25. Qd1 Ne3 26. Nxe3 Qxe3+ 27. Kg2 Nxd3 28. Bxh5
Rf6 29. Rf3 1-0

[Event "Befana SSM A"]
[Site "Milano ITA"]
[Date "2014.01.04"]
[Round "3"]
[White "Motola, Jacopo"]
[Black "Bonazzi, Edoardo"]
[WhiteElo "2063"]
[BlackElo "2079"]
[Result "1/2-1/2"]
[PlyCount "118"]
[EventDate "2014.01.02"]

1. e4 c6 2. d4 d5 3. Nd2 dxe4 4. Nxe4 Bf5 5. Ng3 Bg6 6. Nh3 e6 7. Nf4 Bd6 8. h4
Qc7 9. Nxg6 hxg6 10. Ne4 Nf6 11. Nxd6+ Qxd6 12. g3 Qd5 13. Rg1 Nbd7 14. Be3
O-O-O 15. c3 Nb6 16. Qb3 Qxb3 17. axb3 a6 18. Be2 Nbd5 19. Bg5 Rd7 20. Bf3 Rhd8
21. O-O-O a5 22. Rh1 Rh8 23. Kc2 b6 24. Ra1 Kb7 25. Ra2 Rdd8 26. Rha1 Ra8 27.
Bd2 Ne7 28. Ra4 Rhd8 29. Bg5 Ned5 30. Bg2 Rh8 31. Bf3 Rhd8 32. b4 axb4 33. Rxa8
Rxa8 34. Rxa8 Kxa8 35. c4 Ne7 36. Bxf6 gxf6 37. Kb3 Kb8 38. Kxb4 Kc7 39. c5 Nf5
40. Be4 Ng7 41. g4 f5 42. cxb6+ Kxb6 43. gxf5 exf5 44. Bf3 Ne6 45. d5 Nd4 46.
Bg2 c5+ 47. Kc4 Nb5 48. Bf3 Nd6+ 49. Kd3 Kc7 50. h5 gxh5 51. Bxh5 Kb6 52. Be2
Ka5 53. Kc3 Kb6 54. Bd3 Ka5 55. b3 Kb6 56. Kd2 Ka5 57. Ke3 Kb4 58. Bc4 Kc3 59.
f3 f6 1/2-1/2

[Event "Befana SSM A"]
[Site "Milano ITA"]
[Date "2014.01.04"]
[Round "3"]
[White "Podetti, Davide"]
[Black "D'Alfonso, Nicola"]
[WhiteElo "1830"]
[BlackElo "2034"]
[Result "1/2-1/2"]
[PlyCount "62"]
[EventDate "2014.01.02"]

1. e4 c5 2. Nc3 d6 3. f4 e6 4. Nf3 Nf6 5. d3 Be7 6. g3 O-O 7. Bg2 d5 8. e5 Ne8
9. O-O Nc6 10. Re1 f5 11. exf6 Bxf6 12. Bh3 Nc7 13. Ne5 Nd4 14. Bg2 Nf5 15. Ng4
Be7 16. Qe2 b5 17. Ne5 Qe8 18. Nd1 Bb7 19. Ne3 Nd4 20. Qg4 Nc6 21. Nxc6 Bxc6
22. Qe2 Bf6 23. Ng4 Qd7 24. Ne5 Bxe5 25. fxe5 d4 26. Bf4 Nd5 27. Rf1 Rf7 28.
Rf2 Raf8 29. Raf1 Nxf4 30. Rxf4 Rxf4 31. Rxf4 Rxf4 1/2-1/2

[Event "Befana SSM A"]
[Site "Milano ITA"]
[Date "2014.01.04"]
[Round "3"]
[White "Raineri, Valerio"]
[Black "Pelizzola, Danilo"]
[WhiteElo "2120"]
[BlackElo "2127"]
[Result "1/2-1/2"]
[PlyCount "118"]
[EventDate "2014.01.02"]

1. e4 e5 2. Nf3 Nc6 3. Bb5 a6 4. Ba4 Nf6 5. d3 d6 6. c3 Be7 7. Nbd2 O-O 8. Nf1
b5 9. Bb3 d5 10. Ng3 dxe4 11. dxe4 Qxd1+ 12. Bxd1 Bb7 13. Bc2 Rfe8 14. O-O Rad8
15. h3 h6 16. Be3 Bf8 17. Rfd1 g6 18. Rd2 Kg7 19. Rad1 Rxd2 20. Rxd2 Na5 21. b3
Bc6 22. Ne1 Nb7 23. f3 Bc5 24. Nf1 a5 25. Nd3 Bxe3+ 26. Nxe3 Rd8 27. Rd1 Nd7
28. b4 a4 29. a3 f6 30. Nb2 Nb6 31. c4 Rxd1+ 32. Bxd1 bxc4 33. Nexc4 Nxc4 34.
Nxc4 Kf7 35. Kf2 Ke7 36. Nb2 Nd6 37. Ke1 g5 38. Kf2 h5 39. Ke3 h4 40. Bxa4 Bxa4
41. Nxa4 Nc4+ 42. Kd3 Nxa3 43. Nc3 c6 44. Nd1 Kd6 45. Ne3 Kd7 46. Ng4 Ke6 47.
Kc3 Nb5+ 48. Kc4 Nd4 49. Ne3 Kd6 50. Kd3 Ne6 51. Kc3 Nd4 52. Kc4 Ne6 53. Nf5+
Kd7 54. Ne3 Kd6 55. b5 cxb5+ 56. Kxb5 Nd4+ 57. Kb6 Ne2 58. Nf5+ Kd7 59. Kc5 Nf4
1/2-1/2

[Event "Befana SSM A"]
[Site "Milano ITA"]
[Date "2014.01.05"]
[Round "4"]
[White "Bemporad, Filippo"]
[Black "Raineri, Valerio"]
[WhiteElo "2060"]
[BlackElo "2120"]
[Result "1/2-1/2"]
[PlyCount "84"]
[EventDate "2014.01.02"]

1. d4 Nf6 2. Nf3 g6 3. c4 Bg7 4. Nc3 d6 5. e4 O-O 6. Be2 e5 7. O-O Nc6 8. d5
Ne7 9. Ne1 Ne8 10. Nd3 f5 11. Bd2 f4 12. g4 Bf6 13. f3 Kg7 14. Kg2 Rh8 15. Rh1
h5 16. h3 Ng8 17. Be1 hxg4 18. hxg4 Rxh1 19. Kxh1 Bh4 20. Kg2 Nh6 21. Bxh4 Qxh4
22. Qe1 Qg5 23. Nf2 Nf7 24. Nh3 Qh6 25. Qf2 g5 26. Rh1 Qg6 27. Qe1 Bd7 28. Nf2
Nf6 29. Bd1 Rh8 30. b4 Rh6 31. Rxh6 Qxh6 32. Qh1 Qxh1+ 33. Kxh1 Kf8 34. Ba4
Bxa4 35. Nxa4 Ke7 36. Kg2 Kd7 37. Kf1 c6 38. Nc3 Kc7 39. Nd3 b6 40. Ke2 Nd7 41.
Kd2 c5 42. b5 Nf6 1/2-1/2

[Event "Befana SSM A"]
[Site "Milano ITA"]
[Date "2014.01.05"]
[Round "4"]
[White "Bonazzi, Edoardo"]
[Black "Falchi, Claudio"]
[WhiteElo "2079"]
[BlackElo "1926"]
[Result "1-0"]
[PlyCount "69"]
[EventDate "2014.01.02"]

1. c4 e5 2. g3 Nc6 3. Bg2 g6 4. Nc3 Bg7 5. d3 d6 6. e4 f5 7. Nge2 Nf6 8. O-O
O-O 9. Nd5 Be6 10. h3 Qd7 11. Kh2 Rf7 12. Be3 Raf8 13. Qd2 Nh5 14. exf5 gxf5
15. f4 Kh8 16. Rac1 Rg8 17. b4 b6 18. b5 Ne7 19. Ndc3 Bh6 20. fxe5 Bxe3 21.
Qxe3 Rfg7 22. Rg1 dxe5 23. Qxe5 Ng6 24. Qd4 Qe7 25. Bf3 Rd8 26. Qe3 f4 27. Nxf4
Nhxf4 28. gxf4 Qh4 29. Bg4 Re7 30. Ne4 Rf8 31. Rcf1 h5 32. Bxe6 Rxe6 33. f5 Ne5
34. fxe6 Rxf1 35. Qh6# 1-0

[Event "Befana SSM A"]
[Site "Milano ITA"]
[Date "2014.01.05"]
[Round "4"]
[White "Lavorgna, Giovanni"]
[Black "Bisignano, Giuseppe"]
[WhiteElo "1984"]
[BlackElo "1887"]
[Result "1-0"]
[PlyCount "97"]
[EventDate "2014.01.02"]

1. e4 e5 2. Nf3 Nc6 3. Bc4 Nf6 4. d3 Bc5 5. O-O d6 6. c3 Bb6 7. Re1 Bg4 8. h3
Bh5 9. Nbd2 Qe7 10. Nf1 a6 11. b4 h6 12. Ng3 Bg6 13. Nh4 Qd7 14. Qf3 Ne7 15.
Nxg6 fxg6 16. Be3 Rf8 17. Bxb6 cxb6 18. Qe3 b5 19. Bb3 Rc8 20. d4 h5 21. dxe5
dxe5 22. Qg5 Qc7 23. Rac1 Nh7 24. Qe3 Rf6 25. Rf1 Rc6 26. Ne2 g5 27. Rcd1 Ng6
28. Qf3 Nf4 29. Nxf4 gxf4 30. Qxh5+ g6 31. Qg4 Qg7 32. Rd5 Rd8 33. Rfd1 Rxd5
34. Rxd5 Nf8 35. Rd3 Qc7 36. Qf3 Ke7 37. Bd5 Rf6 38. Qg4 Ne6 39. Qh4 g5 40. Qh5
Qd8 41. Rd1 Qg8 42. Bxb7 f3 43. Bc6 Nd4 44. cxd4 Rxc6 45. d5 Rc4 46. d6+ Kd8
47. Qxf3 Rxb4 48. Qf6+ Kd7 49. Qe7+ 1-0

[Event "Befana SSM A"]
[Site "Milano ITA"]
[Date "2014.01.05"]
[Round "4"]
[White "Pelizzola, Danilo"]
[Black "Cazzaniga, Walter"]
[WhiteElo "2127"]
[BlackElo "2116"]
[Result "0-1"]
[PlyCount "41"]
[EventDate "2014.01.02"]

1. e4 e6 2. d4 d5 3. Nc3 Bb4 4. e5 c5 5. a3 Bxc3+ 6. bxc3 Ne7 7. Be3 Qa5 8. Qd2
b6 9. Nf3 Ba6 10. Bd3 Bxd3 11. cxd3 Nd7 12. dxc5 bxc5 13. O-O O-O 14. c4 Qxd2
15. Bxd2 Ng6 16. cxd5 exd5 17. Rfc1 Rfe8 18. d4 c4 19. Rab1 Rab8 20. Bb4 Nf4
21. Ne1 0-1

[Event "Befana SSM A"]
[Site "Milano ITA"]
[Date "2014.01.05"]
[Round "4"]
[White "Podetti, Davide"]
[Black "Motola, Jacopo"]
[WhiteElo "1830"]
[BlackElo "2063"]
[Result "1/2-1/2"]
[PlyCount "76"]
[EventDate "2014.01.02"]

1. e4 Nf6 2. e5 Nd5 3. d4 d6 4. Bc4 Nb6 5. Bb3 dxe5 6. Qh5 e6 7. dxe5 a5 8. a3
Nc6 9. Nf3 g6 10. Qg4 a4 11. Ba2 h6 12. O-O Bg7 13. Re1 Ra5 14. Nc3 Nxe5 15.
Nxe5 Rxe5 16. Bf4 Rxe1+ 17. Rxe1 O-O 18. Qg3 Na8 19. Be5 Qg5 20. Bxg7 Qxg3 21.
hxg3 Kxg7 22. Nxa4 Rd8 23. Nc3 Rd2 24. Re2 Rxe2 25. Nxe2 Kf6 26. f3 Nb6 27. Nc3
Bd7 28. Kf2 Ba4 29. Ne4+ Ke7 30. c3 Bc6 31. Nc5 Kd6 32. Nd3 Bb5 33. Ne1 Bc6 34.
Nd3 g5 35. c4 Na4 36. b4 Nc3 37. Bb3 Ba4 38. c5+ Ke7 1/2-1/2

[Event "Befana SSM A"]
[Site "Milano ITA"]
[Date "2014.01.05"]
[Round "4"]
[White "Vezzosi, Paolo"]
[Black "Gagliardi, Christian"]
[WhiteElo "2252"]
[BlackElo "2198"]
[Result "1/2-1/2"]
[PlyCount "28"]
[EventDate "2014.01.02"]

1. d4 Nf6 2. c4 e6 3. Nc3 Bb4 4. e3 O-O 5. Bd3 d5 6. Nf3 c5 7. O-O Nc6 8. a3
Bxc3 9. bxc3 dxc4 10. Bxc4 Qc7 11. Qe2 e5 12. d5 e4 13. dxc6 exf3 14. Qxf3 Bg4
1/2-1/2

[Event "Befana SSM A"]
[Site "Milano ITA"]
[Date "2014.01.05"]
[Round "5"]
[White "Bemporad, Filippo"]
[Black "Bonazzi, Edoardo"]
[WhiteElo "2060"]
[BlackElo "2079"]
[Result "0-1"]
[PlyCount "94"]
[EventDate "2014.01.02"]

1. d4 Nf6 2. Nf3 c5 3. c4 cxd4 4. Nxd4 Nc6 5. Nc3 g6 6. e4 d6 7. Be2 Bg7 8. Be3
O-O 9. O-O Bd7 10. Rc1 a6 11. Qd2 Nxd4 12. Bxd4 Qa5 13. Rfd1 Rfc8 14. Bxf6 Bxf6
15. Nd5 Qxd2 16. Nxf6+ Kg7 17. Nh5+ gxh5 18. Rxd2 Be6 19. b3 h4 20. h3 a5 21.
Bg4 Kf6 22. f4 Rc5 23. Re1 Bxg4 24. hxg4 a4 25. Kf2 axb3 26. axb3 Ra3 27. Re3
b5 28. cxb5 Rxb5 29. Rb2 Rb4 30. Kf3 h6 31. Rd3 Ra1 32. Re3 Rf1+ 33. Rf2 Rb1
34. g3 hxg3 35. Kxg3 R4xb3 36. Rff3 Rg1+ 37. Kh4 Rh1+ 38. Kg3 Rg1+ 39. Kh4 Rxe3
40. Rxe3 Rf1 41. Kg3 e5 42. fxe5+ dxe5 43. Kh4 Rh1+ 44. Kg3 Rf1 45. Kh4 Kg6 46.
Re2 Rf4 47. Kg3 Kg5 0-1

[Event "Befana SSM A"]
[Site "Milano ITA"]
[Date "2014.01.05"]
[Round "5"]
[White "Borin, Fabio"]
[Black "Pelizzola, Danilo"]
[WhiteElo "2105"]
[BlackElo "2127"]
[Result "0-1"]
[PlyCount "50"]
[EventDate "2014.01.02"]

1. e4 c5 2. Nc3 Nc6 3. f4 e6 4. Nf3 Nge7 5. d4 cxd4 6. Nxd4 Nxd4 7. Qxd4 Nc6 8.
Qf2 Be7 9. Be3 Qa5 10. Bc4 Rb8 11. O-O-O b5 12. Bb3 O-O 13. g4 Qc7 14. Kb1 a5
15. a4 Ba6 16. g5 Rfc8 17. h4 Bb4 18. Nxb5 Bxb5 19. axb5 Rxb5 20. Bc4 Rbb8 21.
Ba6 Bc3 22. b3 a4 23. Bxc8 a3 24. Rd4 a2+ 25. Kxa2 Nxd4 0-1

[Event "Befana SSM A"]
[Site "Milano ITA"]
[Date "2014.01.05"]
[Round "5"]
[White "Cazzaniga, Walter"]
[Black "Vezzosi, Paolo"]
[WhiteElo "2116"]
[BlackElo "2252"]
[Result "0-1"]
[PlyCount "56"]
[EventDate "2014.01.02"]

1. d4 Nf6 2. c4 c6 3. Nc3 d5 4. Nf3 dxc4 5. a4 Bf5 6. e3 e6 7. Bxc4 Bb4 8. O-O
Nbd7 9. Qe2 O-O 10. e4 Bg6 11. Bd3 c5 12. e5 cxd4 13. Na2 Nd5 14. Bxg6 hxg6 15.
Nxd4 Bc5 16. Nf3 Qb6 17. Nc3 Nxc3 18. bxc3 Rfc8 19. Bf4 Qc6 20. Rfc1 Nb6 21. a5
Nc4 22. Kf1 Ba3 23. Rcb1 a6 24. Bc1 Bxc1 25. Rxc1 Rd8 26. Rcb1 Rd5 27. Rb4 Rc8
28. Rba4 Qc7 0-1

[Event "Befana SSM A"]
[Site "Milano ITA"]
[Date "2014.01.05"]
[Round "5"]
[White "D'Alfonso, Nicola"]
[Black "Motola, Jacopo"]
[WhiteElo "2034"]
[BlackElo "2063"]
[Result "1/2-1/2"]
[PlyCount "74"]
[EventDate "2014.01.02"]

1. d4 Nf6 2. c4 c5 3. d5 e6 4. Nf3 exd5 5. cxd5 d6 6. Nc3 g6 7. h3 Bg7 8. e4
O-O 9. Bd3 Re8 10. O-O c4 11. Bc2 b5 12. a3 a6 13. Nd4 Bb7 14. Be3 Nbd7 15.
Nde2 Qc7 16. Ng3 Nc5 17. Bd4 Re7 18. f4 Rae8 19. Qd2 Qb6 20. Qf2 Nfd7 21. Bxg7
Kxg7 22. f5 f6 23. Nce2 Nd3 24. Qxb6 Nxb6 25. Bxd3 cxd3 26. Nf4 Nc4 27. Nxd3
Nd2 28. Rf2 Nxe4 29. Nxe4 Rxe4 30. fxg6 hxg6 31. Raf1 Bxd5 32. Rxf6 Re2 33. Nf4
Kxf6 34. Nxe2+ Kg7 35. Nc3 Bb7 36. Rd1 Rd8 37. Nd5 a5 1/2-1/2

[Event "Befana SSM A"]
[Site "Milano ITA"]
[Date "2014.01.05"]
[Round "5"]
[White "Falchi, Claudio"]
[Black "Podetti, Davide"]
[WhiteElo "1926"]
[BlackElo "1830"]
[Result "1-0"]
[PlyCount "103"]
[EventDate "2014.01.02"]

1. Nf3 Nf6 2. d4 e6 3. Bf4 c5 4. c3 Be7 5. e3 O-O 6. h3 b6 7. Bd3 d5 8. Nbd2
Bb7 9. Ne5 Nbd7 10. h4 Ne4 11. Nxd7 Qxd7 12. Qg4 Nf6 13. Qf3 cxd4 14. exd4 b5
15. g4 Rfc8 16. g5 Ne8 17. Qh5 g6 18. Qg4 Ng7 19. h5 Nf5 20. Nf3 Bd6 21. Ne5
Bxe5 22. Bxe5 a5 23. hxg6 fxg6 24. Kd2 b4 25. Rh3 Rf8 26. Rah1 Rf7 27. Bxf5
exf5 28. Qh4 Re8 29. Qh6 Re6 30. Bf6 bxc3+ 31. bxc3 Qb5 32. Qxg6+ Kf8 33. Qxf7+
Kxf7 34. Rxh7+ Ke8 35. Rxb7 Qxb7 36. Rh8+ Kd7 37. Rh7+ Kc6 38. Rxb7 Kxb7 39.
Be5 Rg6 40. Bf6 Kc6 41. a4 Kd7 42. Kd3 Rg8 43. c4 Ke6 44. cxd5+ Kxd5 45. Ke3
Re8+ 46. Kf4 Re2 47. f3 Rf2 48. Bd8 Ra2 49. Kxf5 Rxa4 50. g6 Ra2 51. g7 Rg2 52.
Bg5 1-0

[Event "Befana SSM A"]
[Site "Milano ITA"]
[Date "2014.01.05"]
[Round "5"]
[White "Gagliardi, Christian"]
[Black "Astengo, Corrado"]
[WhiteElo "2198"]
[BlackElo "2111"]
[Result "1-0"]
[PlyCount "55"]
[EventDate "2014.01.02"]

1. d4 d5 2. Bf4 Nf6 3. e3 g6 4. Nf3 Bg7 5. Be2 O-O 6. h3 c5 7. c3 Nc6 8. Nbd2
Nd7 9. O-O e5 10. dxe5 Ndxe5 11. Nxe5 Nxe5 12. Nf3 Nc6 13. Qb3 Qb6 14. Rfd1
Qxb3 15. axb3 Rd8 16. Bc7 Re8 17. Rxd5 Be6 18. Rxc5 a6 19. Nd4 Nxd4 20. cxd4
Bxb3 21. Bf3 Re7 22. Rac1 Ra7 23. Bb8 Ra8 24. Rc8+ Bf8 25. Bd6 Re8 26. Rxa8
Rxa8 27. Bxf8 Kxf8 28. Bxb7 1-0

[Event "Befana SSM A"]
[Site "Milano ITA"]
[Date "2014.01.05"]
[Round "5"]
[White "Raineri, Valerio"]
[Black "Lavorgna, Giovanni"]
[WhiteElo "2120"]
[BlackElo "1984"]
[Result "1-0"]
[PlyCount "75"]
[EventDate "2014.01.02"]

1. e4 c5 2. Nf3 d6 3. d4 cxd4 4. Nxd4 Nf6 5. Nc3 Nc6 6. f3 e6 7. Be3 Be7 8. Qd2
a6 9. O-O-O Qc7 10. g4 O-O 11. g5 Nd7 12. h4 Nc5 13. h5 Bd7 14. Rg1 Rac8 15. g6
hxg6 16. hxg6 fxg6 17. Rxg6 Ne5 18. Rg3 b5 19. Bh6 Bf6 20. Bh3 b4 21. Qg2 Rf7
22. Rg1 Ned3+ 23. Kb1 Nf4 24. Bxf4 Bxd4 25. Bh6 Bc6 26. Ne2 Bxg1 27. Qxg1 Qe7
28. Nf4 Qf6 29. Rg6 Qe5 30. Nxe6 Rcc7 31. Nxc7 Rxc7 32. f4 Qe7 33. e5 Qf8 34.
exd6 Rf7 35. Qxc5 Kh7 36. Bxg7 Rxg7 37. Qh5+ Kg8 38. Be6+ 1-0

[Event "Befana SSM A"]
[Site "Milano ITA"]
[Date "2014.01.06"]
[Round "6"]
[White "Bisignano, Giuseppe"]
[Black "Bemporad, Filippo"]
[WhiteElo "1887"]
[BlackElo "2060"]
[Result "0-1"]
[PlyCount "46"]
[EventDate "2014.01.02"]

1. e4 c5 2. Nf3 d6 3. d4 cxd4 4. Nxd4 Nf6 5. Nc3 e6 6. Be3 a6 7. Be2 Be7 8. O-O
O-O 9. f4 Qc7 10. Bf3 Nc6 11. Nxc6 bxc6 12. g4 Rb8 13. Rb1 Nd7 14. Bg2 Bb7 15.
g5 Rfe8 16. Rf3 d5 17. Rh3 g6 18. Qg4 f5 19. gxf6 Bxf6 20. f5 exf5 21. exf5
Rxe3 22. fxg6 Rxh3 23. gxh7+ Kh8 0-1

[Event "Befana SSM A"]
[Site "Milano ITA"]
[Date "2014.01.06"]
[Round "6"]
[White "Cazzaniga, Walter"]
[Black "Bonazzi, Edoardo"]
[WhiteElo "2116"]
[BlackElo "2079"]
[Result "1-0"]
[PlyCount "99"]
[EventDate "2014.01.02"]

1. d4 Nf6 2. c4 c5 3. d5 b5 4. cxb5 a6 5. bxa6 Bxa6 6. Nc3 d6 7. Nf3 g6 8. g3
Bg7 9. Bg2 Nbd7 10. O-O Nb6 11. Re1 O-O 12. Nd2 Ra7 13. Rb1 Qa8 14. e4 Nfd7 15.
Nf3 Nc4 16. Qc2 Nde5 17. Nxe5 Nxe5 18. Rd1 Rb8 19. b3 Rc7 20. Be3 Bc8 21. h3
Qa5 22. a4 Ba6 23. Na2 Rcb7 24. f4 Nd7 25. e5 Rc7 26. Kh2 dxe5 27. d6 exd6 28.
Rxd6 exf4 29. Bxf4 Be5 30. Bd2 Rb4 31. Nxb4 cxb4 32. Rc6 Nc5 33. Be3 Bd3 34.
Qxc5 Qxc5 35. Rxc5 Rxc5 36. Bxc5 Bxb1 37. Bxb4 h5 38. h4 g5 39. hxg5 h4 40. Be1
Bc2 41. Bd5 Kg7 42. a5 Bd3 43. Kh3 hxg3 44. Bxg3 Bc3 45. Bc7 Ba6 46. Bc4 Bxc4
47. bxc4 f6 48. Kg4 fxg5 49. Kxg5 Kf7 50. Bb6 1-0

[Event "Befana SSM A"]
[Site "Milano ITA"]
[Date "2014.01.06"]
[Round "6"]
[White "Lavorgna, Giovanni"]
[Black "D'Alfonso, Nicola"]
[WhiteElo "1984"]
[BlackElo "2034"]
[Result "0-1"]
[PlyCount "70"]
[EventDate "2014.01.02"]

1. e4 c5 2. Nf3 d6 3. Bb5+ Bd7 4. a4 Nc6 5. d3 Nf6 6. O-O e6 7. Nbd2 Qc7 8. Re1
Be7 9. c3 e5 10. Nf1 O-O 11. Ng3 a6 12. Bc4 Na5 13. Ba2 b5 14. Nh4 g6 15. axb5
axb5 16. Bg5 Bg4 17. f3 Be6 18. b4 Bxa2 19. Rxa2 cxb4 20. cxb4 Nc6 21. Rc2 Qb6+
22. Be3 Qb7 23. Qd2 Ra4 24. Rec1 Ra6 25. Kf1 Ne8 26. Bg5 Bxg5 27. Qxg5 Nxb4 28.
Rc8 Ra1 29. Nhf5 Rxc1+ 30. Rxc1 Nxd3 31. Nh6+ Kh8 32. Rc3 Nf4 33. Qd8 b4 34.
Rc8 Ne6 35. Rb8 Qa6+ 0-1

[Event "Befana SSM A"]
[Site "Milano ITA"]
[Date "2014.01.06"]
[Round "6"]
[White "Motola, Jacopo"]
[Black "Falchi, Claudio"]
[WhiteElo "2063"]
[BlackElo "1926"]
[Result "1-0"]
[PlyCount "163"]
[EventDate "2014.01.02"]

1. e4 e6 2. d4 d5 3. Nc3 Bb4 4. e5 c5 5. a3 Bxc3+ 6. bxc3 Qa5 7. Bd2 Qa4 8. Qg4
g6 9. Qd1 b6 10. Nf3 Ba6 11. Bd3 Bxd3 12. cxd3 Qxd1+ 13. Kxd1 Nd7 14. dxc5 Nxc5
15. Kc2 Rc8 16. a4 Ne7 17. Nd4 Nc6 18. Nxc6 Rxc6 19. Rhb1 a6 20. Be3 Kd7 21.
Rb4 Rhc8 22. Ra3 Rb8 23. Rh4 h5 24. Kd2 Rbc8 25. Rb4 Ke8 26. f3 Nd7 27. Bd4 Ke7
28. Rb1 Rb8 29. Rab3 Rbc8 30. h4 Nc5 31. Rxb6 Nxa4 32. Rxc6 Rxc6 33. Rb4 Nc5
34. Rb6 Kd7 35. Bxc5 Rxc5 36. Rxa6 Rb5 37. Ra7+ Ke8 38. Kc2 Rc5 39. d4 Rb5 40.
Ra8+ Kd7 41. g4 Rb7 42. gxh5 gxh5 43. Rh8 Ra7 44. Rxh5 Ra2+ 45. Kb3 Rf2 46. Rh8
Rxf3 47. h5 Rh3 48. h6 Ke7 49. Kb4 Rh1 50. Kb3 Rh3 51. Kc2 Rh2+ 52. Kd1 Rh3 53.
Kd2 Rh2+ 54. Kc1 Rh1+ 55. Kb2 Rh2+ 56. Ka3 Rh1 57. Ka4 Rh2 58. Kb5 Rh3 59. h7
Rh1 60. Kc6 Rh3 61. Ra8 Rxh7 62. Ra7+ Kf8 63. Kd6 Rh3 64. Ra8+ Kg7 65. Ra3 Rf3
66. Ke7 Kg6 67. Ra1 Rf5 68. Rg1+ Kh7 69. Rg3 Rf1 70. Kf8 Rf5 71. Rg7+ Kh8 72.
Rxf7 Rg5 73. Rf6 Rg8+ 74. Ke7 Rg7+ 75. Kxe6 Rc7 76. Rf3 Rg7 77. Kxd5 Kg8 78. e6
Rg5+ 79. Kd6 Rg6 80. Kd7 Kh8 81. e7 Rg7 82. Kd8 1-0

[Event "Befana SSM A"]
[Site "Milano ITA"]
[Date "2014.01.06"]
[Round "6"]
[White "Pelizzola, Danilo"]
[Black "Gagliardi, Christian"]
[WhiteElo "2127"]
[BlackElo "2198"]
[Result "1/2-1/2"]
[PlyCount "52"]
[EventDate "2014.01.02"]

1. e4 c5 2. Nf3 Nc6 3. d4 cxd4 4. Nxd4 e6 5. Nb5 Nf6 6. N1c3 d6 7. Bf4 e5 8.
Bg5 a6 9. Na3 b5 10. Nd5 Be7 11. Bxf6 Bxf6 12. c3 O-O 13. Nc2 Bg5 14. a4 bxa4
15. Rxa4 a5 16. Bc4 Rb8 17. b3 g6 18. O-O Kh8 19. Nce3 Be6 20. Qd3 f5 21. f3 f4
22. Nc2 Qd7 23. Rfa1 Bd8 24. b4 axb4 25. Ncxb4 Nxb4 26. Rxb4 Rxb4 1/2-1/2

[Event "Befana SSM A"]
[Site "Milano ITA"]
[Date "2014.01.06"]
[Round "6"]
[White "Vezzosi, Paolo"]
[Black "Raineri, Valerio"]
[WhiteElo "2252"]
[BlackElo "2120"]
[Result "1-0"]
[PlyCount "75"]
[EventDate "2014.01.02"]

1. Nf3 Nf6 2. c4 g6 3. g3 Bg7 4. Bg2 d6 5. Nc3 O-O 6. O-O e5 7. d3 c6 8. Rb1
Nbd7 9. b4 h6 10. Nd2 Ne8 11. b5 c5 12. Nd5 Nb6 13. e4 Nxd5 14. cxd5 Bd7 15.
Nc4 Qc8 16. b6 a6 17. Be3 Qd8 18. a4 Qe7 19. h3 Kh7 20. Kh2 Rg8 21. Qc2 Bf8 22.
f4 f6 23. Rf2 Bg7 24. Rbf1 Rf8 25. Bf3 Kg8 26. Qd1 Kh7 27. Kg2 Rf7 28. Bg4 f5
29. fxe5 Bxe5 30. exf5 gxf5 31. Bxf5+ Bxf5 32. Rxf5 Rxf5 33. Rxf5 Ng7 34. Rf2
Rg8 35. Qf3 Qe8 36. Qe4+ Kh8 37. Nxe5 dxe5 38. Rf6 1-0

[Event "Befana SSM A"]
[Site "Milano ITA"]
[Date "2014.01.06"]
[Round "7"]
[White "Bonazzi, Edoardo"]
[Black "Raineri, Valerio"]
[WhiteElo "2079"]
[BlackElo "2120"]
[Result "1-0"]
[PlyCount "63"]
[EventDate "2014.01.02"]

1. c4 Nf6 2. g3 g6 3. Bg2 Bg7 4. Nc3 d6 5. e4 e5 6. Nge2 O-O 7. O-O c6 8. d3
Nbd7 9. h3 Qe7 10. Be3 Ne8 11. Qd2 f5 12. exf5 gxf5 13. Bg5 Ndf6 14. b4 Bd7 15.
Rab1 Nc7 16. b5 Rfb8 17. Rb3 cxb5 18. cxb5 Be6 19. b6 axb6 20. Rxb6 d5 21. d4
e4 22. Rfb1 Bc8 23. Bf4 Nfe8 24. Nb5 Ra4 25. Nec3 Rc4 26. Bf1 Rc6 27. Nxc7 Rxc7
28. Nxd5 Qd7 29. Nxc7 Nxc7 30. Qc3 Nd5 31. Bc4 Ra8 32. Rd6 1-0

[Event "Befana SSM A"]
[Site "Milano ITA"]
[Date "2014.01.06"]
[Round "7"]
[White "D'Alfonso, Nicola"]
[Black "Bemporad, Filippo"]
[WhiteElo "2034"]
[BlackElo "2060"]
[Result "1/2-1/2"]
[PlyCount "59"]
[EventDate "2014.01.02"]

1. d4 Nf6 2. c4 e6 3. Nc3 Bb4 4. Qb3 c5 5. dxc5 Nc6 6. Bg5 h6 7. Bxf6 Qxf6 8.
e3 O-O 9. Nf3 Qe7 10. a3 Bxc5 11. Bd3 Bd6 12. Rd1 b6 13. Nb5 Bb8 14. Bb1 d6 15.
Qd3 f5 16. Nxd6 Ba6 17. Nxf5 Rxf5 18. g4 Rxf3 19. Qh7+ Kf7 20. Bg6+ Kf6 21. Be4
Ne5 22. Bxa8 Bb7 23. Bxb7 Qxb7 24. Qg8 Qe4 25. Qxb8 Rxe3+ 26. fxe3 Qxe3+ 27.
Kf1 Qf3+ 28. Ke1 Qe3+ 29. Kf1 Qf3+ 30. Ke1 1/2-1/2

[Event "Befana SSM A"]
[Site "Milano ITA"]
[Date "2014.01.06"]
[Round "7"]
[White "Falchi, Claudio"]
[Black "Bisignano, Giuseppe"]
[WhiteElo "1926"]
[BlackElo "1887"]
[Result "1-0"]
[PlyCount "37"]
[EventDate "2014.01.02"]

1. d4 Nf6 2. Nf3 g6 3. Bf4 Bg7 4. e3 O-O 5. h3 Nd5 6. Bh2 c5 7. c4 Qa5+ 8. Nbd2
Nb6 9. Be2 d6 10. O-O cxd4 11. exd4 Na4 12. Rb1 Bd7 13. Bd3 Na6 14. a3 Qb6 15.
Bc2 Qc6 16. d5 Nxb2 17. dxc6 Nxd1 18. cxd7 Nc3 19. Rxb7 1-0

[Event "Befana SSM A"]
[Site "Milano ITA"]
[Date "2014.01.06"]
[Round "7"]
[White "Gagliardi, Christian"]
[Black "Motola, Jacopo"]
[WhiteElo "2198"]
[BlackElo "2063"]
[Result "1-0"]
[PlyCount "71"]
[EventDate "2014.01.02"]

1. d4 Nf6 2. Bf4 b6 3. e3 e6 4. Nf3 Bb7 5. Nbd2 Be7 6. h3 c5 7. c3 O-O 8. Bd3
d5 9. O-O Nbd7 10. Ne5 Ne4 11. Nxd7 Qxd7 12. Nf3 Qd8 13. Qc2 c4 14. Be2 b5 15.
Nd2 Nxd2 16. Qxd2 a5 17. Bf3 Bd6 18. Rfe1 Bc6 19. e4 dxe4 20. Bxe4 Bxe4 21.
Rxe4 Bxf4 22. Rxf4 Qd7 23. a3 Qb7 24. Re1 Rab8 25. Re5 Rfd8 26. Rg4 g6 27. Qh6
f5 28. Rg3 Re8 29. Rge3 Qd7 30. h4 Rb6 31. Rg3 Qg7 32. Qf4 h6 33. Qe3 Kh7 34.
h5 g5 35. f4 Qf8 36. fxg5 1-0